Colonia Hipódromo (Record no. 9005)

MARC details
000 -CABECERA
campo de control de longitud fija 00786nam a2200253 a 4500
001 - NÚMERO DE CONTROL
campo de control BRL_192
005 - FECHA Y HORA DE LA ÚLTIMA TRANSACCIÓN
campo de control 20190320210628.0
008 - DATOS DE LONGITUD FIJA--INFORMACIÓN GENERAL
campo de control de longitud fija 100011s1999 mx-a######---#000-0#spa-#
020 ## - NÚMERO INTERNACIONAL ESTÁNDAR DEL LIBRO
Número Internacional Estándar del Libro 9688162272
041 ## - CÓDIGO DE LENGUA
Código de lengua del texto/banda sonora o título independiente spa
044 ## - CÓDIGO DEL PAÍS DE LA ENTIDAD EDITORA/PRODUCTORA
Código MARC del país mx
050 #4 - SIGNATURA TOPOGRÁFICA DE LA BIBLIOTECA DEL CONGRESO
Número de clasificación F1386.4
Número de documento/Ítem .T38 1999
100 1# - ENTRADA PRINCIPAL--NOMBRE DE PERSONA
Nombre de persona Tavares López, Edgar
9 (RLIN) 6720
245 10 - MENCIÓN DE TÍTULO
Título Colonia Hipódromo
Mención de responsabilidad, etc. Edgar Tavares López.
260 ## - PUBLICACIÓN, DISTRIBUCIÓN, ETC.
Lugar de publicación, distribución, etc. México
Nombre del editor, distribuidor, etc. Consejo de la Crónica de la Ciudad de México, Gobierno de la Ciudad de Mexico
Fecha de publicación, distribución, etc. c1999
300 ## - DESCRIPCIÓN FÍSICA
Extensión 103 p.
Otras características físicas il.
Dimensiones 28 cm.
440 #0 - MENCIÓN DE SERIE/PUNTO DE ACCESO ADICIONAL--TÍTULO
Título Tu ciudad
Nombre de parte o sección de la obra Barrios y pueblos
9 (RLIN) 23184
500 ## - NOTA GENERAL
Nota general Au239
504 ## - NOTA DE BIBLIOGRAFÍA, ETC.
Nota de bibliografía, etc. Bibliografía: p. 101-103
651 #4 - PUNTO DE ACCESO ADICIONAL DE MATERIA--NOMBRE GEOGRÁFICO
Nombre geográfico Colonia Hipódromo (Ciudad de México)
Subdivisión general Historia
9 (RLIN) 23185
651 #4 - PUNTO DE ACCESO ADICIONAL DE MATERIA--NOMBRE GEOGRÁFICO
Nombre geográfico Ciudad de México
Subdivisión general Historia
9 (RLIN) 691
902 ## - CATALOGADOR
Iniciales GRL
942 ## - ELEMENTOS DE PUNTO DE ACCESO ADICIONAL (KOHA)
Fuente del sistema de clasificación o colocación Library of Congress Classification
Tipo de ítem Koha Libros
Holdings
Estado de retiro Estado de pérdida Estado dañado No para préstamo Localización permanente Ubicación/localización actual Fecha de adquisición Número de inventario Total de préstamos Signatura topográfica completa Código de barras Fecha visto por última vez Precio válido a partir de Tipo de ítem Koha
El ejemplar forma parte de la colección y puede ser consultado según las políticas vigentes.       Biblioteca Centro de Estudios Ruth D. Lechuga Biblioteca Centro de Estudios Ruth D. Lechuga 12/12/2012 Au239   F1386.4 .T38 1999 (Au239) GRL00204 22/03/2019 22/03/2019 Libros